000 00663nab a2200205 4500
001 244442
003 OSt
005 20250310094420.0
007 tu
008 200917s2020|||||||
040 _aDE-2950
_cDE-2950
245 0 0 _aRainer Galla ist der Gewinner
_bBundestagswahl. Der AfD-Kandidat holte im Wahlkreis 63 mit Abstand die meisten Erststimmen. Auch bei den Zweitstimmen räumt die Partei ab/
_cThomas Gutke
264 _c2024
653 _aFrankfurt (Oder)
653 _aBundestagswahl
653 _aWahlkreis 63
653 _aWahlergebnis
773 0 _g36. Jahrgang (2025) Nr. 46 vom 24.02.2025, S. 11 mit Foto
_tMärkische Oderzeitung
942 _2z
_cA
999 _c373629
_d373629